| 000 | 01482cam a22003374a 4500 | ||
|---|---|---|---|
| 090 | _c10454 | ||
| 001 | 12328500 | ||
| 005 | 20040621182401.0 | ||
| 008 | 010227s2001 nyua b 001 0 eng | ||
| 010 | _a2001017912 | ||
| 020 | _a047138402X (cloth : alk. paper) | ||
| 040 |
_aDLC _cDLC _dDLC |
||
| 042 | _apcc | ||
| 050 | 0 | 0 |
_aHD30.28 _b.B473 2001 |
| 082 | 0 | 0 |
_a658.4012 _221 _bBET |
| 100 | 1 | _aBetz, Frederick. | |
| 245 | 1 | 0 |
_aExecutive Strategy : _bStrategic Management and Information Technology / _cFrederick Betz. |
| 260 |
_aNew York : _bJ. Wiley, _cc2001. |
||
| 300 |
_aix, 534 p. : _bill. ; _c24 cm. |
||
| 504 | _aIncludes bibliographical references (p. 515-524) and index. | ||
| 650 | 0 | _aStrategic planning. | |
| 650 | 0 |
_aIndustrial management _xData processing. |
|
| 650 | 0 | _aKnowledge management. | |
| 650 | 0 | _aManagement information systems. | |
| 856 | 4 | 2 |
_3Contributor biographical information _uhttp://www.loc.gov/catdir/bios/wiley042/2001017912.html |
| 856 | 4 | 2 |
_3Publisher description _uhttp://www.loc.gov/catdir/description/wiley034/2001017912.html |
| 856 | 4 |
_3Table of Contents _uhttp://www.loc.gov/catdir/toc/onix06/2001017912.html |
|
| 942 |
_2ddc _cBB |
||
| 999 |
_c10454 _d10454 |
||